Días de combate (Record no. 9246)

MARC details
000 -CABECERA
campo de control de longitud fija 00688nam a2200241 a 4500
001 - NÚMERO DE CONTROL
campo de control BRL_434
005 - FECHA Y HORA DE LA ÚLTIMA TRANSACCIÓN
campo de control 20190320210735.0
008 - DATOS DE LONGITUD FIJA--INFORMACIÓN GENERAL
campo de control de longitud fija 120813s1998----mx-#######---#000-1#spa-#
020 ## - NÚMERO INTERNACIONAL ESTÁNDAR DEL LIBRO
Número Internacional Estándar del Libro 9684067577
041 ## - CÓDIGO DE LENGUA
Código de lengua del texto/banda sonora o título independiente spa
044 ## - CÓDIGO DEL PAÍS DE LA ENTIDAD EDITORA/PRODUCTORA
Código MARC del país mx
050 #4 - SIGNATURA TOPOGRÁFICA DE LA BIBLIOTECA DEL CONGRESO
Número de clasificación PQ7298.3
Número de documento/Ítem .T35 1998
100 1# - ENTRADA PRINCIPAL--NOMBRE DE PERSONA
Nombre de persona Taibo, Paco Ignacio
Títulos y otros términos asociados al nombre II,
Fechas asociadas al nombre 1949-
9 (RLIN) 23903
245 10 - MENCIÓN DE TÍTULO
Título Días de combate
Resto del título una historia de Belascoarán Shayne
Mención de responsabilidad, etc. Paco Ignacio Taibo II.
260 ## - PUBLICACIÓN, DISTRIBUCIÓN, ETC.
Lugar de publicación, distribución, etc. México
Nombre del editor, distribuidor, etc. Planeta
Fecha de publicación, distribución, etc. 1998
300 ## - DESCRIPCIÓN FÍSICA
Extensión 225, iv p.
Dimensiones 18 cm.
500 ## - NOTA GENERAL
Nota general Incluye dedicatoria para Ruth Lechuga
500 ## - NOTA GENERAL
Nota general Au457
650 14 - PUNTO DE ACCESO ADICIONAL DE MATERIA--TÉRMINO DE MATERIA
Término de materia o nombre geográfico como elemento de entrada novela mexicana
Subdivisión cronológica Siglo XX
9 (RLIN) 23904
650 14 - PUNTO DE ACCESO ADICIONAL DE MATERIA--TÉRMINO DE MATERIA
Término de materia o nombre geográfico como elemento de entrada Novela policiaca
9 (RLIN) 23905
902 ## - CATALOGADOR
Iniciales GRL
942 ## - ELEMENTOS DE PUNTO DE ACCESO ADICIONAL (KOHA)
Fuente del sistema de clasificación o colocación Library of Congress Classification
Tipo de ítem Koha Libros
Holdings
Estado de retiro Estado de pérdida Estado dañado No para préstamo Localización permanente Ubicación/localización actual Fecha de adquisición Número de inventario Total de préstamos Signatura topográfica completa Código de barras Fecha visto por última vez Precio válido a partir de Tipo de ítem Koha
El ejemplar forma parte de la colección y puede ser consultado según las políticas vigentes.       Biblioteca Centro de Estudios Ruth D. Lechuga Biblioteca Centro de Estudios Ruth D. Lechuga 12/08/2013 Au457   PQ7298.3 .T35 1998 (Au457) GRL00463 22/03/2019 22/03/2019 Libros